[Event "Hoogovens"]
[Site "Merrillville"]
[Date "1997.11.28"]
[Round "1"]
[White "Seirawan, Yasser"]
[Black "Shaked, Tal"]
[Result "1-0"]
[WhiteElo "2630"]
[BlackElo "2500"]

1.d4 Nf6 2.c4 e6 3.Nc3 Bb4 4.Qc2 d5 5.cxd5 exd5 6.Bg5 h6 7.Bxf6 Qxf6 8.a3 Bxc3+
9.Qxc3 O-O 10.e3 Bf5 11.Ne2 Rc8 12.Ng3 Be6 13.b4 a5 14.Be2 axb4 15.axb4 Rxa1+
16.Qxa1 Qe7 17.Qb2 Nc6 18.b5 Na5 19.O-O c5 20.bxc6 Rxc6 21.Rb1 Qc7 22.h4 b6
23.h5 f5 24.Bf3 f4 25.exf4 Qxf4 26.Ne2 Qf5 27.Qb5 Bf7 28.Ng3 Qd7 29.Nf1 Nc4
30.Ra1 Rc7 31.Ra8+ Kh7 32.Qb4 Qd6 33.Qxd6 Nxd6 34.Ne3 Ne4 35.g4 g6 36.hxg6+ Kxg6
37.Rb8 Rc6 38.Rb7 Rc1+ 39.Kg2 Rb1  1-0

[Event "Hoogovens"]
[Site "Merrillville"]
[Date "1997.11.28"]
[Round "2"]
[White "Yermolinsky, Alex"]
[Black "Seirawan, Yasser"]
[Result "1-0"]
[WhiteElo "2650"]
[BlackElo "2630"]

1.e4 e6 2.d4 d5 3.Nc3 dxe4 4.Nxe4 Nd7 5.Nf3 Be7 6.Bd3 Ngf6 7.Qe2 Nxe4 8.Bxe4 c5
9.O-O O-O 10.Rd1 Qc7 11.c3 Nf6 12.Bg5 h6 13.Bxf6 Bxf6 14.Qc4 Be7 15.b4 f5
16.Bd3 b5 17.Qxb5 cxb4 18.cxb4 Rb8 19.Qa5 Qxa5 20.bxa5 Bf6 21.Rab1 Bb7 22.Bc4 Bd5
23.Bxd5 exd5 24.a6 Rxb1 25.Rxb1 Rc8 26.h4 Rc4 27.Rb7 Bxd4 28.Nxd4 Rxd4 29.h5 Ra4
30.Rxa7 Rxa2 31.f4 d4 32.Kf1 d3 33.Ke1 Kf8 34.Ra8+ Ke7 35.a7 Kf7 36.Kd1 g6
37.Rh8  1-0

[Event "Hoogovens"]
[Site "Merrillville"]
[Date "1997.11.29"]
[Round "4"]
[White "Seirawan, Yasser"]
[Black "Van Wely, Loek"]
[Result "0-1"]
[WhiteElo "2630"]
[BlackElo "2655"]

1.d4 Nf6 2.c4 c5 3.d5 b5 4.cxb5 a6 5.b6 g6 6.Nc3 Bg7 7.e4 d6 8.Nf3 O-O 9.Qb3 Bb7
10.Nd2 Nbd7 11.Nc4 a5 12.a4 Ra6 13.Bd2 Nxb6 14.Ne3 Ra8 15.Bb5 Ba6 16.O-O Bxb5
17.axb5 a4 18.Qc2 Qd7 19.Ra3 Rfb8 20.Rfa1 Ng4 21.Nxg4 Qxg4 22.h3 Qd7 23.Nxa4 Qxb5
24.Nc3 Rxa3 25.Rxa3 Qd7 26.Nd1 Nc8 27.Bc3 Na7 28.Bxg7 Kxg7 29.Ne3 Nb5 30.Qa4 Qc7
31.Rb3 Nd4 32.Rxb8 Qxb8 33.Nc4 Qb7 34.f3 Kf8 35.Kf2 h5 36.h4 f5 37.Ke1 fxe4
38.fxe4 Qc8 39.Ne3 Kg7 40.Qa7 Qf8 41.e5 Kh6 42.g4 Nf3+ 43.Kd1 Nxe5 44.g5+ Kg7
45.Kc1 Kf7 46.Qb7 Qd8 47.Qb5 Qa8 48.Kb1 Kg7 49.b3 Kh7 50.Kb2 Qf8 51.Ka3 Nf3
52.Qa4 Qg7 53.Ka2 Qe5 54.Qe8 Kg7 55.Nc4 Qe2+ 56.Ka3 Qe1 57.Ka2 Nd4 58.Kb2 Qe4
59.Ka3 Nf5 60.Qc6 Qxh4  0-1

[Event "Kettler Cup CZE-USA"]
[Site "Ceska Trebova"]
[Date "1998.09.19"]
[Round "1"]
[White "Seirawan, Yasser"]
[Black "Smejkal, Jan"]
[Result "1-0"]
[WhiteElo "2630"]
[BlackElo "2525"]

1.d4 Nf6 2.c4 g6 3.Nc3 d5 4.Nf3 Bg7 5.Bg5 Ne4 6.cxd5 Nxg5 7.Nxg5 e6 8.Nf3 exd5
9.b4 O-O 10.e3 c6 11.Bd3 Bg4 12.O-O Nd7 13.h3 Bxf3 14.Qxf3 a5 15.a3 axb4
16.axb4 Qe7 17.Rab1 Ra3 18.Rfc1 b5 19.Bxb5 cxb5 20.Nxb5 Ra4 21.Nc3 Raa8 22.Nxd5 Qd8
23.b5 Rb8 24.Rc6 Nb6 25.Nc7 Qe7 26.Na6 Rb7 27.Rbc1 Rd8 28.Rc7 Rxc7 29.Rxc7 Rd7
30.Qc6 Rxc7 31.Nxc7 Qf6 32.Kf1 Qxc6 33.bxc6 Kf8 34.Nb5 f5 35.f3 Ke7 36.Ke2 Nc8
37.Kd3 Nd6 38.Nc3 Kd8 39.Nd5 Nb5 40.g4 Nc7 41.Nf4 fxg4 42.fxg4 Ke7 43.e4 Kd6
44.d5 Be5 45.Ne2 Nxd5 46.exd5 Kxd5 47.h4 Kxc6 48.Ke4 Bf6 49.g5 Bd8 50.Ke5 Kd7
51.Nd4 Bc7+ 52.Kf6 Bg3 53.Nf3 Ke8 54.Kg7 Ke7 55.Kxh7 Kf7 56.h5  1-0

[Event "Elista ol (Men)"]
[Site "Elista"]
[Date "1998.10.01"]
[Round "3"]
[White "Seirawan, Yasser"]
[Black "Ricardi, Pablo"]
[Result "1-0"]
[WhiteElo "2630"]
[BlackElo "2545"]

1.d4 Nf6 2.c4 g6 3.Nc3 Bg7 4.e4 d6 5.f3 O-O 6.Be3 b6 7.Nge2 c5 8.Qd2 Nc6
9.d5 Na5 10.Ng3 e6 11.Bh6 a6 12.Bxg7 Kxg7 13.Be2 b5 14.b3 bxc4 15.bxc4 Rb8
16.Nd1 exd5 17.cxd5 Rb4 18.Ne3 Re8 19.O-O Bd7 20.Bxa6 Qb6 21.Be2 Rb2 22.Qc3 Qb4
23.Nd1 Rd2 24.Qxb4 cxb4 25.Ne3 Ba4 26.Rfb1 Rb8 27.Kf2 Kf8 28.Ke1 Rd4 29.Ba6 b3
30.axb3 Rxb3 31.Rxb3 Nxb3 32.Ra3 Rb4 33.Nc2 Rb6 34.Rxa4 Nc5 35.Ra1 Rxa6 36.Rxa6 Nxa6
37.Ne3 Nc5 38.Kd2 Nfd7 39.Nc4 Ke7 40.Ne2 f6 41.Kc3 Ne5 42.Nd4 Kd7 43.Nb5 Nf7
44.Kd4 Nb3+ 45.Ke3 Nc5 46.f4 Ke7 47.g3 Kd7 48.h3 Ke7 49.Nd4 Kd7 50.Nc6 Nb3
51.Nb6+ Kc7 52.Na4 Kb7 53.Nd4 Nxd4 54.Kxd4 Kc7 55.Nb2 Kd7 56.Nc4 Ke7 57.Na5 g5
58.Nc6+ Kf8 59.Ke3 h5 60.Nd4 Kg7 61.Nf5+ Kf8 62.h4 gxf4+ 63.gxf4  1-0

[Event "Elista ol (Men)"]
[Site "Elista"]
[Date "1998.10.03"]
[Round "5"]
[White "Seirawan, Yasser"]
[Black "Van Wely, Loek"]
[Result "1-0"]
[WhiteElo "2630"]
[BlackElo "2635"]

1.c4 Nf6 2.Nc3 e5 3.Nf3 Nc6 4.d4 exd4 5.Nxd4 Bb4 6.g3 O-O 7.Bg2 Bxc3+ 8.bxc3 Ne5
9.c5 Qe7 10.Nb3 Rb8 11.O-O b6 12.Re1 bxc5 13.f4 Nc4 14.e4 d6 15.Qe2 Ba6 16.Na5 Qe6
17.f5 Qe5 18.Nc6 Qxc3 19.Nxb8 Rxb8 20.Bf4 Nd7 21.Bf1 Rb2 22.Qd3 Qa5 23.Qd5 Ncb6
24.Qd1 Bxf1 25.Rxf1 c4 26.Qd4 c3 27.Rf3 Na4 28.Re1 Qb6 29.Qxb6 axb6 30.e5 Nxe5
31.Bxe5 dxe5 32.Rxe5 h5 33.Re4 Rxa2 34.Rf2 Ra1+ 35.Kg2 Nc5 36.Rc4 Rc1 37.Rf3 Rc2+
38.Kh3 Re2 39.Rfxc3 Ne4 40.Rc2 Rxc2 41.Rxc2 c5 42.Rb2 Nd6 43.f6 b5 44.Rd2 Ne4
45.Rd8+ Kh7 46.fxg7 Kxg7 47.Re8 f5 48.Rb8 b4 49.Kh4 Kf6 50.Kxh5 Nd2 51.h3 Ne4
52.g4 fxg4 53.Kxg4 Nf2+ 54.Kg3 Nxh3 55.Kxh3 Ke5 56.Kg2 Kd4 57.Kf2 Kc3 58.Ke1 b3
59.Kd1 Kb2 60.Rc8 Ka1 61.Rxc5 b2 62.Ra5+ Kb1 63.Rb5  1-0

[Event "Elista ol (Men)"]
[Site "Elista"]
[Date "1998.10.05"]
[Round "7"]
[White "Ivanchuk, Vassily"]
[Black "Seirawan, Yasser"]
[Result "1/2-1/2"]
[WhiteElo "2730"]
[BlackElo "2630"]

1.e4 c6 2.d4 d5 3.exd5 cxd5 4.c4 Nf6 5.Nc3 e6 6.Nf3 Be7 7.cxd5 Nxd5 8.Bd3 Nc6
9.O-O O-O 10.Re1 Ncb4 11.Bb1 b6 12.Ne4 Nf6 13.Nfg5  1/2-1/2

[Event "Elista ol (Men)"]
[Site "Elista"]
[Date "1998.10.06"]
[Round "8"]
[White "Spasov, Vasil"]
[Black "Seirawan, Yasser"]
[Result "1/2-1/2"]
[WhiteElo "2595"]
[BlackElo "2630"]

1.e4 c6 2.d4 d5 3.Nd2 dxe4 4.Nxe4 Nd7 5.Ng5 Ngf6 6.Bd3 e6 7.N1f3 Bd6 8.Qe2 h6
9.Ne4 Nxe4 10.Qxe4 Nf6 11.Qe2 b6 12.Bd2 Bb7 13.O-O-O Qc7 14.Rhe1 O-O-O 15.Ba6 Bxa6
16.Qxa6+ Kb8 17.Qe2 b5 18.Kb1 Ka8 19.c4 bxc4 20.Rc1 Rb8 21.Rxc4 Qb7 22.b3 Qa6
23.Rc2 Qxe2 24.Rxe2 Rhc8 25.Ne5 Bxe5 26.dxe5 Nd7 27.Re4 Rb5 28.Rg4 g6 29.Bxh6 Rxe5
30.h4 Nb6 31.Rf4 f5 32.Rd4 Nd5 33.Rd1 Kb7 34.g3 a5 35.f3 a4 36.Kb2  1/2-1/2

[Event "USA-ch Gr-A"]
[Site "Denver"]
[Date "1998.10.31"]
[Round "1"]
[White "Seirawan, Yasser"]
[Black "Gurevich, Dmitry"]
[Result "1/2-1/2"]
[WhiteElo "2630"]
[BlackElo "2505"]

1.d4 d5 2.c4 dxc4 3.e3 a6 4.Bxc4 e6 5.Nf3 c5 6.O-O b5 7.Be2 cxd4 8.Nxd4 Nf6
9.a4 b4 10.Bf3 Ra7 11.Nd2 Rc7 12.b3 e5 13.Ne2 Bf5 14.Nc4 Rd7  1/2-1/2

[Event "USA-ch Gr-A"]
[Site "Denver"]
[Date "1998.11.01"]
[Round "2"]
[White "Kudrin, Sergey"]
[Black "Seirawan, Yasser"]
[Result "1-0"]
[WhiteElo "2540"]
[BlackElo "2630"]

1.e4 c6 2.d4 d5 3.Nc3 dxe4 4.Nxe4 Nd7 5.Ng5 Ngf6 6.Bd3 e6 7.N1f3 Bd6 8.Qe2 h6
9.Ne4 Nxe4 10.Qxe4 Nf6 11.Qh4 c5 12.dxc5 Qa5+ 13.b4 Qc7 14.Bb5+ Kf8 15.O-O Be7
16.Bf4 Nd5 17.Bxc7 Bxh4 18.Be5 Bf6 19.a3 Nc3 20.Bc4 Bd7 21.Rfe1 a5 22.Bxf6 gxf6
23.Nd4 Rg8 24.f3 Rg5 25.Nb3 axb4 26.axb4 Ra2 27.Rxa2 Nxa2 28.b5 Nc3 29.c6 bxc6
30.b6 Ke7 31.b7 Rg8 32.Nc5 Nb5 33.Bxb5 cxb5 34.Na6  1-0

[Event "USA-ch Gr-A"]
[Site "Denver"]
[Date "1998.11.02"]
[Round "3"]
[White "Seirawan, Yasser"]
[Black "Christiansen, Larry Mark"]
[Result "1-0"]
[WhiteElo "2630"]
[BlackElo "2610"]

1.d4 Nf6 2.c4 e6 3.Nf3 b6 4.g3 Ba6 5.b3 b5 6.cxb5 Bxb5 7.Ba3 Be7 8.Bg2 O-O
9.O-O d5 10.Qc2 Nbd7 11.Rc1 c6 12.Bxe7 Qxe7 13.Nc3 a5 14.Nxb5 cxb5 15.e3 h6
16.Bf1 b4 17.Bd3 Qd6 18.Qc7 Qxc7 19.Rxc7 Rfb8 20.Rac1 Kf8 21.h3 Ke8 22.Ne5 Nxe5
23.dxe5 Nd7 24.f4 Kd8 25.e4 dxe4 26.Bxe4 Rc8 27.Rxc8+ Rxc8 28.Rxc8+ Kxc8
29.Kf2 f6 30.exf6 Nxf6 31.Bf3 Kd7 32.Ke3 Kd6 33.Kd4 g5 34.fxg5 hxg5 35.h4 e5+
36.Ke3 g4 37.Be4 Ke6 38.Bb7 Kd7 39.Ba6 Ke7 40.Bc8 Kd6 41.Bf5 Kd5 42.Bg6 Ke6
43.Kd3 Nd5 44.Be4 Nf6 45.Bg6 Nd5 46.Be4 Nf6 47.Bb7 Kd7 48.Kc4 Kc7 49.Ba6 Kd7
50.Kc5 Ke7 51.Bc8 Ne4+ 52.Kd5 Nxg3 53.Kxe5 Ne2 54.Bxg4 Nc3 55.Be6 Kf8 56.Kf6 Ne4+
57.Kg6 Nc5 58.Bd5 Nd3 59.Kf6 Nc5 60.h5 Nd7+ 61.Kg6  1-0

[Event "USA-ch Gr-A"]
[Site "Denver"]
[Date "1998.11.04"]
[Round "5"]
[White "Dzindzichashvili, Roman"]
[Black "Seirawan, Yasser"]
[Result "1/2-1/2"]
[WhiteElo "2545"]
[BlackElo "2630"]

1.d4 Nf6 2.c4 e6 3.Nf3 b6 4.Bg5 Bb7 5.e3 h6 6.Bh4 Be7 7.Nc3 Ne4 8.Bxe7 Qxe7
9.Nxe4 Bxe4 10.Be2 O-O 11.O-O d6 12.Nd2 Bb7 13.Bf3 Bxf3 14.Qxf3 Nd7 15.Qc6 Nf6
16.Rfd1 Qd7 17.Qxd7  1/2-1/2

[Event "USA-ch Gr-A"]
[Site "Denver"]
[Date "1998.11.05"]
[Round "6"]
[White "Seirawan, Yasser"]
[Black "De Firmian, Nick E"]
[Result "1/2-1/2"]
[WhiteElo "2630"]
[BlackElo "2605"]

1.d4 e6 2.c4 Nf6 3.Nf3 c5 4.e3 d5 5.Nc3 Nc6 6.cxd5 exd5 7.Be2 cxd4 8.Nxd4 Bd6
9.O-O O-O 10.Ncb5 Bb8 11.b3 a6 12.Nxc6 bxc6 13.Nd4 Qd6 14.Nf3 Bg4 15.g3 Re8
16.Bb2 Ba7 17.Nh4 Bh3 18.Ng2 a5 19.Rc1 Rab8 20.Qc2 Bd7 21.Bd3 Ne4 22.Bxe4 Rxe4
23.Qc3 f6 24.Qxa5 Bb6 25.Qc3 h5 26.Rfd1 Rbe8 27.Qc2 h4 28.Bd4 Bc7 29.f3 Rxd4
30.Rxd4 hxg3 31.Rh4 gxh2+ 32.Kh1 Qg3 33.Qh7+ Kf8 34.Rf1 Bd6 35.b4 Rb8 36.a3 c5
37.Qc2 cxb4 38.Rh8+ Kf7 39.Rxb8 Bxb8 40.axb4 Bb5 41.Rf2 Bd6  1/2-1/2

[Event "Mermaid Beach Club Match"]
[Site "Bermuda"]
[Date "1999.01.21"]
[Round "1"]
[White "Seirawan, Yasser"]
[Black "Adams, Michael"]
[Result "0-1"]
[WhiteElo "2643"]
[BlackElo "2716"]

1.d4 Nf6 2.c4 e6 3.Nf3 b6 4.Nc3 Bb4 5.Qb3 c5 6.a3 Ba5 7.Bg5 Bb7 8.e3 O-O
9.Rd1 Bxc3+ 10.bxc3 Qe7 11.Be2 d6 12.O-O Nbd7 13.Nd2 Rfc8 14.f3 h6 15.Bh4 Qe8
16.e4 Nh5 17.f4 f5 18.d5 Nhf6 19.Bf3 fxe4 20.Nxe4 Nxe4 21.Bxe4 exd5 22.Bf5 Rc7
23.cxd5 Nf8 24.c4 Qh5 25.Qh3 Bc8 26.Bxc8 Raxc8 27.f5 Re8 28.Rde1 Rcc8 29.f6 gxf6
30.Qg3+ Qg6 31.Rxf6 Qxg3 32.Bxg3 Rxe1+ 33.Bxe1 Re8 34.Bg3 Re4 35.Bxd6 Nh7
36.Rg6+ Kf7 37.Rxh6 Nf6 38.h3 Rxc4 39.Bb8 Kg7 40.Rxf6 Kxf6 41.h4 b5  0-1

[Event "Mermaid Beach Club Match"]
[Site "Bermuda"]
[Date "1999.01.23"]
[Round "3"]
[White "Seirawan, Yasser"]
[Black "Adams, Michael"]
[Result "1/2-1/2"]
[WhiteElo "2643"]
[BlackElo "2716"]

1.d4 Nf6 2.c4 e6 3.Nf3 b6 4.Nc3 Bb4 5.Qb3 c5 6.a3 Ba5 7.Bg5 Bb7 8.e3 O-O
9.Rd1 cxd4 10.Rxd4 Nc6 11.Rf4 Ne7 12.Rxf6 h6 13.Bh4 gxf6 14.Bxf6 d5 15.Qd1 Bxc3+
16.bxc3 Qd6 17.Ne5 Ng6 18.Qg4 Qxa3 19.Bd3 Qxc3+ 20.Kd1 Qa1+ 21.Kc2 Qa2+ 22.Kc1 Qa1+
23.Kd2 Qb2+ 24.Kd1 Qa1+ 25.Kd2  1/2-1/2

[Event "Mermaid Beach Club Match"]
[Site "Bermuda"]
[Date "1999.01.26"]
[Round "5"]
[White "Seirawan, Yasser"]
[Black "Adams, Michael"]
[Result "1/2-1/2"]
[WhiteElo "2643"]
[BlackElo "2716"]

1.d4 Nf6 2.c4 e6 3.Nf3 b6 4.Nc3 Bb4 5.Qb3 c5 6.a3 Ba5 7.Bg5 Bb7 8.e3 cxd4
9.Nxd4 O-O 10.Qc2 Bxc3+ 11.Qxc3 d5 12.cxd5 Bxd5 13.f3 h6 14.Bh4 Nbd7 15.Bb5 Rc8
16.Qd2 Nc5 17.Rd1 Nb3 18.Nxb3 Bxb3 19.Qxd8 Rfxd8 20.Rxd8+ Rxd8 21.Ke2 Rc8  1/2-1/2

[Event "Mermaid Beach Club Match"]
[Site "Bermuda"]
[Date "1999.01.27"]
[Round "6"]
[White "Adams, Michael"]
[Black "Seirawan, Yasser"]
[Result "0-1"]
[WhiteElo "2715"]
[BlackElo "2640"]

1.e4 c6 2.d4 d5 3.f3 dxe4 4.fxe4 e5 5.Nf3 Be6 6.c3 Nf6 7.Nxe5 Nxe4 8.Nf3 Be7
9.Bd3 Ng5 10.Nbd2 Nd7 11.O-O O-O 12.Qc2 h6 13.Kh1 Nxf3 14.Nxf3 Bd6 15.Bd2 Qa5
16.Qc1 Qh5 17.Bf4 Bxf4 18.Qxf4 Rae8 19.c4 Bg4 20.Ng1 Nf6 21.h3 Bc8 22.Nf3 Ng4
23.Rae1 g5 24.Qd2 Rxe1 25.Nxe1 Kg7 26.Kg1 Nf6 27.Qf2 Ne8 28.Qg3 Kg8 29.Qb8 Ng7
30.Nf3 Bf5 31.Qxb7 Bxd3 32.Re1 Bxc4 33.Qxc6 Bxa2 34.Ne5 Qh4 35.Re4 Qg3 36.Nd7 Ne6
37.Nxf8 Nxf8 38.d5 Kg7 39.Qc5 Qd3 40.Re8 Nd7 41.Qc8 Nf6  0-1

[Event "Mermaid Beach Club Match"]
[Site "Bermuda"]
[Date "1999.01.28"]
[Round "7"]
[White "Seirawan, Yasser"]
[Black "Adams, Michael"]
[Result "1/2-1/2"]
[WhiteElo "2643"]
[BlackElo "2716"]

1.d4 d6 2.e4 Nf6 3.f3 d5 4.e5 Nfd7 5.f4 c5 6.Nf3 Nc6 7.c4 e6 8.cxd5 exd5
9.Nc3 cxd4 10.Nxd4 Ndxe5 11.Bb5 Bd7 12.Nxd5 Bc5 13.Nb3 Bg4 14.Qd2 Qh4+ 15.Kf1 O-O-O
16.Nxc5 Be6 17.Nxe6 fxe6 18.g3 Qh3+ 19.Qg2 Qxg2+ 20.Kxg2 Rxd5 21.Ba4 Nd3
22.Bb3 Rd6 23.Be3 b6 24.Rhf1 g6 25.Rab1 Kb7 26.Bd1 Rc8 27.Bf3 Kb8 28.Rfd1 Rcd8
29.Bxc6 Rxc6 30.Rd2 Rd5 31.Rbd1 Rcd6 32.b3 Nb4 33.Rxd5 Nxd5 34.Kf2 Rc6 35.Rd2 Kc7
36.Bd4 Rc1 37.Bb2 Rh1 38.Kf3 h5 39.Be5+ Kd7 40.Rc2 a5 41.Rd2 Rc1 42.Kg2 Ke8
43.Kh3 Kf7 44.Kh4 b5 45.Bb2 Rc5 46.Bd4 Rc1 47.Bb2  1/2-1/2

[Event "Mermaid Beach Club Match"]
[Site "Bermuda"]
[Date "1999.01.30"]
[Round "9"]
[White "Seirawan, Yasser"]
[Black "Adams, Michael"]
[Result "1/2-1/2"]
[WhiteElo "2643"]
[BlackElo "2716"]

1.d4 Nf6 2.c4 e6 3.Nf3 b6 4.Nc3 Bb4 5.Qb3 c5 6.a3 Ba5 7.Bg5 Bb7 8.e3 cxd4
9.Nxd4 O-O 10.Qc2 Bxc3+ 11.Qxc3 d5 12.cxd5 Qxd5 13.Bxf6 Rc8 14.Qd2 gxf6 15.f3 Nc6
16.Nxc6 Qxd2+ 17.Kxd2 Rxc6 18.Rd1 Rd8+ 19.Ke1 Rxd1+ 20.Kxd1 Rc5 21.Be2 Rd5+
22.Kc1 Rc5+ 23.Kd2 Rd5+ 24.Ke1 Rc5 25.Bd1 Ba6 26.Kd2 Rd5+ 27.Kc1 Rc5+ 28.Kd2  1/2-1/2

[Event "Mermaid Beach Club Match"]
[Site "Bermuda"]
[Date "1999.01.31"]
[Round "10"]
[White "Adams, Michael"]
[Black "Seirawan, Yasser"]
[Result "1/2-1/2"]
[WhiteElo "2715"]
[BlackElo "2640"]

1.e4 c6 2.d4 d5 3.Nd2 dxe4 4.Nxe4 Nd7 5.Ng5 Ngf6 6.Bd3 e6 7.N1f3 Bd6 8.Qe2 h6
9.Ne4 Nxe4 10.Qxe4 Nf6 11.Qe2 b6 12.Bd2 Bb7 13.O-O-O Qc7 14.Kb1 O-O-O 15.c4 c5
16.Bc3 Kb8 17.dxc5 Bxc5 18.Bc2 Rxd1+ 19.Rxd1 Rd8 20.Rxd8+ Qxd8 21.Ne5 Qc7
22.f4 Bd6 23.a3 Kc8 24.g4 Bxe5 25.Bxe5 Qc6 26.Ka2 Qf3 27.Bd1 Qxe2 28.Bxe2 Ne8
29.h4 f6 30.Bd4 Kc7 31.b4 Nd6 32.Kb3 Nf7 33.c5 e5 34.fxe5 Nxe5 35.cxb6+ axb6
36.a4 g5 37.hxg5 hxg5 38.a5 bxa5 39.bxa5 Kd6 40.a6 Bxa6 41.Bxa6 Nxg4 42.Bc8 Ne5
43.Kc3 Nc6 44.Bg1 Ne7 45.Bh2+ Kd5 46.Bb7+ Ke6 47.Kd4 Kd7 48.Ba6 Ke6 49.Bc4+ Kf5
50.Bd6 Ng6 51.Bd3+ Ke6 52.Bb4 Nf4 53.Bc2 f5 54.Ba5 Ne2+ 55.Ke3 Ng3 56.Bc3 Kf7
57.Be1 Ne4 58.Kd4 Kf6 59.Ba5 Nf2 60.Bd8+ Kg6 61.Bb1 Ng4 62.Be7 Nh6 63.Ke5 Kh5
64.Bd3 f4 65.Be2+ Kh4 66.Ke4 Ng4 67.Bd1 Nh2 68.Kf5  1/2-1/2

[Event "Bronstein jubilee"]
[Site "San Francisco"]
[Date "1999.04.06"]
[Round "4"]
[White "Seirawan, Yasser"]
[Black "Dzindzichashvili, Roman"]
[Result "1/2-1/2"]
[WhiteElo "2643"]
[BlackElo "2553"]

1.c4 c5 2.g3 Nc6 3.b3 g6 4.Bb2 Nf6 5.Bxf6 exf6 6.Nc3 Bg7 7.Nh3 O-O 8.Nf4 f5
9.Bg2 d6 10.O-O Re8 11.e3 Be5 12.Nfe2 h5 13.h4 a6 14.a3 Bd7 15.b4 b5 16.d4 cxd4
17.exd4 Bg7 18.c5 f4 19.Nxf4 Nxd4 20.Bxa8 Qxa8 21.Ncd5 Bg4 22.Qd3 dxc5 23.bxc5 Nf3+  1/2-1/2

[Event "Bronstein jubilee"]
[Site "San Francisco"]
[Date "1999.04.06"]
[Round "5"]
[White "Browne, Walter S"]
[Black "Seirawan, Yasser"]
[Result "0-1"]
[WhiteElo "2516"]
[BlackElo "2643"]

1.d4 Nf6 2.c4 e6 3.Nf3 b6 4.g3 Bb7 5.Bg2 Bb4+ 6.Bd2 Bxd2+ 7.Qxd2 O-O 8.Nc3 Ne4
9.Nxe4 Bxe4 10.O-O d6 11.Ne1 Bxg2 12.Nxg2 Nd7 13.e4 c5 14.Rad1 cxd4 15.Qxd4 Nf6
16.Rfe1 Qc7 17.Ne3 Rfd8 18.f3 Qc5 19.Re2 Qxd4 20.Rxd4 Kf8 21.Red2 Ke7 22.h4 h6
23.Kf2 g5 24.hxg5 hxg5 25.Rd1 Rd7 26.f4 gxf4 27.gxf4 Rc7 28.Rh1 Rg8 29.Kf3 Rc5
30.b4 Rcc8 31.Rd3 a5 32.a3 Rh8 33.Rdd1 Rxh1 34.Rxh1 axb4 35.axb4 Ra8 36.e5 dxe5
37.fxe5 Nd7 38.Ke4 Ra3 39.Rh5 Rb3 40.Nc2 Nb8 41.b5 Rc3 42.Ne3 Nd7 43.Kd4 Rb3
44.Rh3 Nc5 45.Nd5+ exd5 46.Rxb3 Nxb3+ 47.Kxd5 Kd7  0-1

[Event "Bronstein jubilee"]
[Site "San Francisco"]
[Date "1999.04.07"]
[Round "9"]
[White "Dzindzichashvili, Roman"]
[Black "Seirawan, Yasser"]
[Result "1/2-1/2"]
[WhiteElo "2553"]
[BlackElo "2643"]

1.d4 Nf6 2.Nf3 e6 3.c4 b6 4.g3 c6 5.Bg2 d5 6.Nbd2 Be7 7.O-O Bb7 8.Qc2 Nbd7
9.Re1 Rc8 10.e4 O-O  1/2-1/2

[Event "Bronstein jubilee"]
[Site "San Francisco"]
[Date "1999.04.07"]
[Round "10"]
[White "Seirawan, Yasser"]
[Black "Browne, Walter S"]
[Result "1-0"]
[WhiteElo "2643"]
[BlackElo "2516"]

1.d4 Nf6 2.c4 e6 3.Nf3 b6 4.Nc3 Bb4 5.Qb3 c5 6.a3 Ba5 7.Bg5 Nc6 8.O-O-O Bxc3
9.d5 Be5 10.dxc6 Bc7 11.g3 h6 12.Bf4 Bxf4+ 13.gxf4 Qc7 14.cxd7+ Nxd7 15.e3 Bb7
16.Be2 g5 17.fxg5 hxg5 18.Rhg1 f6 19.h4 gxh4 20.Rg7 O-O-O 21.Qc2 f5 22.Ng5 Qe5
23.Rg6 Rhg8 24.Rxe6 Qg7 25.f4 h3 26.Nxh3 Be4 27.Rxe4 fxe4 28.Qxe4 Nb8 29.Ng5 Rxd1+
30.Bxd1 Qd7 31.Qd5 Rd8 32.Bf3 Qe7 33.Bg4+ Nd7 34.Qa8+ Kc7 35.Ne6+  1-0

[Event "USA-ch G2"]
[Site "Salt Lake City"]
[Date "1999.08.23"]
[Round "1"]
[White "Finegold, Benjamin"]
[Black "Seirawan, Yasser"]
[Result "1/2-1/2"]
[WhiteElo "2500"]
[BlackElo "2653"]

1.d4 Nf6 2.c4 e6 3.Nc3 d5 4.Bg5 Nbd7 5.e3 h6 6.Bh4 Be7 7.Nf3 O-O 8.Qc2 Re8
9.Rd1 a6 10.a3 b6 11.Bd3  1/2-1/2

[Event "USA-ch sf1"]
[Site "Salt Lake City"]
[Date "1999.08.23"]
[Round "1"]
[White "Gulko, Boris F"]
[Black "Seirawan, Yasser"]
[Result "1-0"]
[WhiteElo "2618"]
[BlackElo "2653"]

1.d4 Nf6 2.c4 e6 3.Nc3 Bb4 4.g3 O-O 5.Bg2 d6 6.Nf3 Bxc3+ 7.bxc3 Nbd7 8.Qd3 e5
9.Nd2 Re8 10.O-O Qe7 11.e4 b6 12.Re1 Ba6 13.a4 c5 14.d5 Nf8 15.Nf1 Ng6 16.Bh3 Bc8
17.Bxc8 Raxc8 18.Bg5 h6 19.Bxf6 Qxf6 20.a5 Nf8 21.axb6 axb6 22.Ra6 Ra8 23.Rea1 Rxa6
24.Rxa6 Rb8 25.Kg2 Qe7 26.Qb1 Qb7 27.Qb5 Nd7 28.Qa4 Nf6 29.Ra7 Qc8 30.f3 g6
31.Ne3 h5 32.Qc6 Qd8 33.h4 Rc8 34.Qb7 Qf8 35.Nd1 Rb8 36.Qc6 Rc8 37.Qb7 Rb8
38.Qc6 Rc8 39.Qxb6 Rb8 40.Qc7 Rc8 41.Qb7 Rb8 42.Qc7 Rc8 43.Qa5 Qd8 44.Qxd8+ Rxd8
45.Kf2 Kf8 46.Ke2 Rd7 47.Ra6 Ke7 48.Kd2 Rb7 49.Kc2 Ne8 50.Ne3 Nf6 51.Nf1 Nd7
52.Nd2 Nb8 53.Ra1 Kd8 54.g4 hxg4 55.fxg4 Ke7 56.Nb3 Kf6 57.Ra8 Nd7 58.Na5 Rb8
59.g5+ Kg7 60.Rxb8 Nxb8 61.Nb7 f5 62.exf5 gxf5 63.h5 f4 64.Nxd6 Nd7 65.Kd3  1-0

[Event "USA-ch sf1"]
[Site "Salt Lake City"]
[Date "1999.08.24"]
[Round "2"]
[White "Seirawan, Yasser"]
[Black "Gulko, Boris F"]
[Result "1-0"]
[WhiteElo "2653"]
[BlackElo "2618"]

1.c4 e6 2.Nc3 b6 3.d4 Bb7 4.e4 Bb4 5.f3 f5 6.exf5 exf5 7.Qe2+ Qe7 8.Bg5 Bxc3+
9.bxc3 Qxe2+ 10.Nxe2 Nc6 11.Nc1 h6 12.Bh4 g5 13.Bg3 O-O-O 14.Bd3 f4 15.Bf2 Nf6
16.Nb3 a5 17.O-O-O Ba6 18.Rhe1 Rde8 19.Nd2 Rxe1 20.Rxe1 Re8 21.Rh1 Kd8 22.Kc2 d6
23.g4 Ke7 24.h4 Kf7 25.hxg5 hxg5 26.Ne4 Rg8 27.a4 Nxe4 28.Bxe4 Ne7 29.Kb3 c6
30.Rh7+ Rg7 31.Rh6 d5 32.Bd3 Ng6 33.Be1 Rg8 34.Bd2 Nh4 35.Bxf4 Nxf3 36.Bc1 Re8
37.Rxc6 Re1 38.Kc2 Ke7 39.Ba3+ Ke8 40.Bg6+ Kd7 41.cxd5 Re2+ 42.Kc1 Re1+ 43.Kb2 Re2+
44.Ka1 Re1+ 45.Ka2 Re2+ 46.Bb2 Nd2 47.Bf5+ Kd8 48.Bc1 Bc4+ 49.Ka3 b5 50.axb5 Bxb5
51.Bxd2  1-0

[Event "USA-ch G2"]
[Site "Salt Lake City"]
[Date "1999.08.25"]
[Round "3"]
[White "De Firmian, Nick E"]
[Black "Seirawan, Yasser"]
[Result "1/2-1/2"]
[WhiteElo "2598"]
[BlackElo "2653"]

1.e4 e6 2.d4 d5 3.Nc3 Nf6 4.Bg5 dxe4 5.Nxe4 Nbd7 6.Nf3 Be7 7.Nxf6+ Bxf6 8.h4 a6
9.Qd2 b5 10.O-O-O Bb7 11.Rh3 Be7 12.Bd3 f6 13.Bf4 Bd5 14.Qe2 c6 15.Be4 Kf7
16.Nd2 Nf8 17.Kb1 Ng6 18.Bh2 Bd6 19.Bxd6 Qxd6 20.g3 Rad8 21.h5 Ne7 22.Rhh1 Nf5
23.Nf3 Bxe4 24.Qxe4 Qd5 25.Qf4 c5 26.c3 cxd4 27.g4 Ne7 28.cxd4 Rhe8  1/2-1/2

[Event "USA-ch sf1"]
[Site "Salt Lake City"]
[Date "1999.08.26"]
[Round "4"]
[White "Seirawan, Yasser"]
[Black "Gulko, Boris F"]
[Result "1/2-1/2"]
[WhiteElo "2653"]
[BlackElo "2618"]

1.c4 e5 2.Nc3 Nf6 3.Nf3 Nc6 4.g3 Bb4 5.Bg2 O-O 6.O-O Re8 7.Nd5 Bc5 8.d3 Nxd5
9.cxd5 Nd4 10.Nd2 d6 11.e3 Nf5 12.Nc4 a6 13.b3 Ne7 14.Bb2 b5 15.d4 exd4 16.exd4 Bb6
17.Nxb6 cxb6 18.Re1 Bb7 19.Qh5 Qd7 20.Re2 f5 21.Rae1 g6 22.Qg5 Nxd5 23.g4 Rxe2  1/2-1/2

[Event "USA-ch G2"]
[Site "Salt Lake City"]
[Date "1999.08.26"]
[Round "4"]
[White "Seirawan, Yasser"]
[Black "Ivanov, Alexander"]
[Result "1-0"]
[WhiteElo "2653"]
[BlackElo "2515"]

1.d4 Nf6 2.Nf3 e6 3.g3 b5 4.Qd3 c6 5.Bg5 Be7 6.e4 d5 7.e5 Nfd7 8.Bxe7 Qxe7
9.Nbd2 a5 10.Qe3 Ba6 11.a3 O-O 12.Nb3 b4 13.axb4 Qxb4+ 14.Qd2 Bxf1 15.Rxf1 Qxd2+
16.Kxd2 a4 17.Ne1 f6 18.Nd3 fxe5 19.dxe5 Kf7 20.f4 Ke7 21.h4 Rc8 22.Nbc5 Nb6
23.Ra2 N8d7 24.Rfa1 Nxc5 25.Nxc5 Rcb8 26.b3 axb3  1-0

[Event "USA-ch G2"]
[Site "Salt Lake City"]
[Date "1999.08.28"]
[Round "5"]
[White "Seirawan, Yasser"]
[Black "Dzindzichashvili, Roman"]
[Result "1/2-1/2"]
[WhiteElo "2653"]
[BlackElo "2544"]

1.d4 d5 2.c4 e6 3.Nc3 c6 4.cxd5 exd5 5.Qc2 Bd6 6.Nf3 Ne7 7.Bg5 h6 8.Bh4 Bf5
9.Qxf5 Nxf5 10.Bxd8 Kxd8 11.e3 Bb4 12.Bd3 Nd6 13.Ke2 Bxc3 14.bxc3 Nd7 15.a4 a5
16.Nd2 Nb6 17.f3 Re8 18.e4 dxe4 19.fxe4 Nxe4 20.Bxe4 f5 21.Rhf1 fxe4 22.Rf7 Nd5
23.c4 Nb4 24.Raf1 Nc2 25.Nb3 Re7 26.Rf8+ Re8 27.R1f7 b6 28.c5 Ra6 29.Rxe8+ Kxe8
30.Rb7 b5 31.axb5 cxb5 32.Kd2 a4 33.Kxc2 axb3+ 34.Kxb3 e3 35.Kc2 Ra2+ 36.Kd1 Rd2+
37.Ke1 Rxd4 38.Rxb5 Rd2  1/2-1/2

[Event "USA-ch G2"]
[Site "Salt Lake City"]
[Date "1999.08.29"]
[Round "6"]
[White "Serper, Grigory"]
[Black "Seirawan, Yasser"]
[Result "1/2-1/2"]
[WhiteElo "2540"]
[BlackElo "2653"]

1.d4 Nf6 2.Nf3 e6 3.g3 b5 4.Qd3 c6 5.Bg5 Be7 6.e4 d5 7.e5 Nfd7 8.Bxe7 Qxe7
9.Nbd2 a6 10.c3 c5 11.Be2 Nc6 12.O-O c4 13.Qe3 Nb6 14.Ne1 O-O 15.f4  1/2-1/2

[Event "USA-ch G2"]
[Site "Salt Lake City"]
[Date "1999.08.30"]
[Round "7"]
[White "Seirawan, Yasser"]
[Black "Benjamin, Joel"]
[Result "1/2-1/2"]
[WhiteElo "2653"]
[BlackElo "2579"]

1.d4 d6 2.e4 Nf6 3.f3 e5 4.dxe5 dxe5 5.Qxd8+ Kxd8 6.Bc4 Ke8 7.Be3 Nbd7 8.Ne2 a5
9.Nd2 Bc5 10.Bxc5 Nxc5 11.Nb3 Ncd7 12.a3 Nb6 13.Nd2 Nfd7 14.Kf2 a4 15.b4 axb3
16.cxb3 Ke7 17.a4 Nc5 18.a5 Nxc4 19.Nxc4 Be6 20.Rhb1 Rhd8 21.Nxe5 Nxb3 22.a6 Kd6
23.f4 bxa6 24.Rd1+ Kc5 25.Rxd8 Rxd8 26.Rxa6 Rd6 27.Rxd6 cxd6 28.Nf3 d5 29.exd5  1/2-1/2